International business (Record no. 2914)

MARC details
000 -LEADER
fixed length control field 00382nam a22001697a 4500
005 - DATE AND TIME OF LATEST TRANSACTION
control field 20160616113604.0
008 - FIXED-LENGTH DATA ELEMENTS--GENERAL INFORMATION
fixed length control field 160616b xxu||||| |||| 00| 0 eng d
020 ## - INTERNATIONAL STANDARD BOOK NUMBER
ISBN 81-203-2425
041 ## - LANGUAGE CODE
Language code of text/sound track or separate title eng
082 ## - DEWEY DECIMAL CLASSIFICATION NUMBER
Item number 7945
100 ## - MAIN ENTRY--AUTHOR NAME
Personal name Charunilam, Francis
245 ## - TITLE STATEMENT
Title International business
260 ## - PUBLICATION, DISTRIBUTION, ETC. (IMPRINT)
Name of publisher PHI
Year of publication 2001
300 ## - PHYSICAL DESCRIPTION
Number of Pages 785
650 ## - SUBJECT ADDED ENTRY--TOPICAL TERM
Topical Term Management
942 ## - ADDED ENTRY ELEMENTS (KOHA)
Koha item type Books
Holdings
Lost status Damaged status Collection code Home library Current library Shelving location Date acquired Cost, normal purchase price Full call number Accession Number Koha item type
    MANAGEMENT JRU Library JRU Library SHELF-61-E 16/06/2016 350.00 7945 7945 Books